| 000 | 00685nam a22002297a 4500 | ||
|---|---|---|---|
| 999 |
_c6700 _d6700 |
||
| 001 | 7791 | ||
| 003 | BD-DhUAP | ||
| 005 | 20210105144847.0 | ||
| 008 | 210105r19992004ii a|||| |||| 001 0 eng d | ||
| 020 | _a0074632256 | ||
| 040 |
_aBD-DhUAP _bEng _cBD-DhUAP _dBD-DhUAP |
||
| 082 |
_223 _a658.15 KHA |
||
| 100 | _aKhan, M. Y. | ||
| 245 |
_aFinancial management : _btext and problems / _cM. Y. Khan and P. K. Jain. |
||
| 250 | _a3rd ed. | ||
| 260 |
_aNew Delhi : _bMcGraw-Hill Education, _cc1999 [Reprinted 2004]. |
||
| 300 |
_avarious pages : _billustrations ; _c24 cm. |
||
| 500 | _aIncludes index. | ||
| 650 |
_aCorporations _vFinance. |
||
| 700 | _aJain, P. K. | ||
| 942 |
_2ddc _cBK |
||